Informations- und Kommunikationstechniken im Dienstleistungssektor Rationalisierung oder neue Qualität

Saved in:
Bibliographic Details
Other Authors: Biervert, Bernd, Dierkes, Meinolf
Format: Book
Language:German
Published: Wiesbaden Gabler 1989
Edition:1. Aufl.
Subjects:
Tags: Add Tag
No Tags, Be the first to tag this record!

MARC

LEADER 00000nam a2200000 4500
001 c000172
005 20221215125343.2
020 |a 3-409-13347-X 
041 0 |a ger 
044 |a DE 
245 1 0 |a Informations- und Kommunikationstechniken im Dienstleistungssektor  |b Rationalisierung oder neue Qualität  |c Edit. Bernd Biervert, Meinolf Dierkes 
250 |a 1. Aufl. 
264 1 |a Wiesbaden  |b Gabler  |c 1989 
300 |a 280 s. 
610 2 0 |a služby 
610 2 0 |a racionalizácia práce 
610 2 0 |a technika organizačná 
610 2 0 |a spracovanie dát 
610 2 0 |a organizácia 
610 2 0 |a komunikácia 
610 2 0 |a trh 
610 2 0 |a siete dátové 
610 2 0 |a počítače 
700 1 |a Biervert, Bernd 
700 1 |a Dierkes, Meinolf